Resúmenes análiticos sobre juventud y democracia en América Latina
Presenta tres resúmenes analíticos sobre el tema Juventud y Democracia en América Latina, cuyos libros se intitulan: Juventud popular urbana y poblreza política, de Pedro Demo La Juventud como movimiento social en América Latina, de Enzo Paletto e Informe de la situación de la juventud en Nicaragua...
Kaydedildi:
| Materyal Türü: | Metin |
|---|---|
| Konular: | |
| Etiketler: |
Etiketle
Etiket eklenmemiş, İlk siz ekleyin!
|
MARC
| LEADER | 00000 a a2200000 04500 | ||
|---|---|---|---|
| 001 | 6922 | ||
| 003 | |||
| 040 | |||
| 245 | |a Resúmenes análiticos sobre juventud y democracia en América Latina | ||
| 520 | |a Presenta tres resúmenes analíticos sobre el tema Juventud y Democracia en América Latina, cuyos libros se intitulan: Juventud popular urbana y poblreza política, de Pedro Demo La Juventud como movimiento social en América Latina, de Enzo Paletto e Informe de la situación de la juventud en Nicaragua de Edelberto Torres-Rivas.OB/EL | ||
| 650 | |a JUVENTUD | ||
| 650 | |a BIBLIOGRAFIAS | ||
| 650 | |a RESUMENES ANALITICOS | ||
| 773 | |g número 11; páginas 10-11 | ||
| 999 | |c 24590 |d 24590 | ||
